000 00885nam a2200229Ii 4500
003 JO-AjNU
008 230605s9999||||xx |||||||||||||| ||und||
017 _a2003/17673
020 _a977-01-8895-6
040 _aJO-AjNU
_bara
_erda
_cJO-AjNU
041 _aara
050 1 4 _aDF506.N5312.2003
100 3 _aتأليف نيكول، دونالد ؛ ترجمة وتعليق حسن حبشي,
_eauthor
_98758
245 0 0 _aمعجم التراجم البيزنطية = Dictionary of the Byzantine Empire. Arabic
264 3 1 _aالقاهرة: الهيئة المصرية العامة للكتاب، 2003
300 _a285ص
336 _atext
_btxt
_2rdacontent
337 _aunmediated
_bn
_2rdamedia
338 _avolume
_bnc
_2rdacarrier
490 0 _aمعجم التراجم البيزنطية
650 4 _aالإمبراطورية البيزنطية -- تراجم -- معاجم
_98759
999 _aA952
_c4520
_d4520